Culture Générale - Série 2349 - Statistiques

Statistiques générales
  • Ce quiz a été pris 146 fois
  • Le résultat moyen est 6 sur 10
Statistiques - réponses
Question Réponse % Correct
Quel animal est le retriever ? chien
95%
Quel était le prénom du peintre belge Magritte (1898-1967) ? René
81%
Quelle ville touristique belge est surnommée "La Venise du Nord" ? voir photo Bruges
80%
Dans quelle ville des Alpes-Maritimes se déroule chaque année la fête du citron ? Menton
77%
Ce terme désigne une laitue romaine en France et en Belgique une endive. chicon
66%
Quelle ville belge a accueilli en 1920 les jeux olympiques d'été ? Anvers
62%
Ancienne unité de mesure de surface agraire française- anagramme de parent arpent
47%
Quelle ville de la Meuse est réputée pour ses madeleines ? Commercy
40%
Quelle ville de la Drôme est réputée pour sa préparation culinaire appelée "raviole" ? Romans-sur-Isère
29%
Ce mot désigne une ville de Turquie - un ensemble d'os du corps humain - la patte des oiseaux tarse
14%
Aucun quiz correspondant
Distribution des résultats
% des personnes avec chaque résultat
Percentile par nombre de réponses
Votre historique - résultats
Vous n’avez pas pris ce quiz